00892nam a2200217Ia 4500003000900000008004100009020001800050040001600068080002400084111009600108245016800204260004900372300001300421650004100434650001600475650002000491700003400511942000700545999001500552952010700567IN-BaIIA211028s9999 xx 000 0 eng d a963-372-109-1 cIIA Library a523.64(063)bCOM-II aInternational Conference on Cometary ExplorationcBudapest, Hungaryd1982 Nov. 15-19915801 0aCometary exploration IIbproceedings of the international conference on cometary exploration, held in Budapest, Hungary, 15-19 Nov 1982cedited by Tamas I. Gombosi aHungarybHungarian Academy of Sciencesc1982 av, 234p. aAstronomy and astrophysics thesaurus aComets9755 aPeriodic comets aGombosi, Tamas I., ed.915802 cBK c9385d9385 00104070aBANbBANcGENd0000-00-00l0o523.64(063)/ COM-IIp10295r2021-11-05w0000-00-00yBKG62.5